Presentations Graphics (Record no. 9276)
[ view plain ]
| 000 -LEADER | |
|---|---|
| fixed length control field | 00188nam a2200097 4500 |
| 082 ## - DEWEY DECIMAL CLASSIFICATION NUMBER | |
| Classification number | NOV |
| 100 ## - MAIN ENTRY--AUTHOR NAME | |
| Personal name | Novell Application |
| 245 ## - TITLE STATEMENT | |
| Title | Presentations Graphics |
| 260 ## - PUBLICATION, DISTRIBUTION, ETC. (IMPRINT) | |
| Year of publication | 1990. |
| 942 ## - ADDED ENTRY ELEMENTS (KOHA) | |
| Koha item type | Books |
| Withdrawn status | Lost status | Home library | Current library | Date acquired | Cost, normal purchase price | Full call number | Accession Number | Koha item type |
|---|---|---|---|---|---|---|---|---|
| Seminar Library, Mathematics & Statis. | Seminar Library, Mathematics & Statis. | 28/08/2014 | 7890.00 | NOV | 19007 | Books |